|
|
|
|
| LEADER |
01241nam a2200229 i 4500 |
| 003 |
GR-PaULI |
| 005 |
20250318102933.0 |
| 008 |
250318s1997 gr a|||g |||| 000 0 eng d |
| 020 |
|
|
|a 9607471296
|
| 040 |
|
|
|a GR-PaULI
|b gre
|c GR-PaULI
|e AACR2
|
| 082 |
0 |
4 |
|2 23
|a 428.23
|
| 100 |
1 |
|
|a FitzGerald, Tania
|9 208981
|e συγγραφέας.
|
| 245 |
1 |
0 |
|a Exam time :
|b practice tests for the new FCE /
|c Tania FitzGerald.
|
| 260 |
|
|
|a Αθήνα :
|b Σπυρόπουλος,
|c c1997.
|
| 300 |
|
|
|a 119 σ. :
|b εικ. ;
|c 28 εκ.
|
| 650 |
|
4 |
|a Αγγλική γλώσσα
|x Προβλήματα, ασκήσεις, κλπ.
|9 59639
|
| 942 |
|
|
|2 ddc
|c BK15
|
| 952 |
|
|
|0 0
|1 0
|2 ddc
|4 0
|6 428_230000000000000_FIT
|7 0
|9 275858
|a MSLG
|b MSLG
|c BSC
|d 2021-01-17
|e 24
|f 0
|g 0.00
|i 10769
|l 0
|o 428.23 FIT
|p 2420000010769
|r 2021-01-17 00:00:00
|t 2
|w 2021-01-17
|y BK15
|x 19991111 0 1
|x GrPaTEI
|
| 952 |
|
|
|0 0
|1 0
|2 ddc
|4 0
|6 428_230000000000000_FIT
|7 0
|9 388670
|a MSLG
|b MSLG
|c BSC
|d 2025-03-18
|i 10768
|l 0
|o 428.23 FIT
|p 2420000010768
|r 2025-03-18 10:30:48
|t 1
|w 2025-03-18
|y BK15
|
| 952 |
|
|
|0 0
|1 0
|2 ddc
|4 0
|6 428_230000000000000_FIT
|7 0
|9 388671
|a MSLG
|b MSLG
|c BSC
|d 2025-03-18
|i 10770
|l 0
|o 428.23 FIT
|p 2420000010770
|r 2025-03-18 10:31:15
|t 3
|w 2025-03-18
|y BK15
|
| 998 |
|
|
|c ΒΑΣΙΛΕΙΟΥ
|d 2025-03
|
| 999 |
|
|
|c 159912
|d 159912
|